Tinujei : los triquis de Copala /

Estudio antropológico de la comunidad indígena triqui de San Juan Copala, en la región del Río Balsas, en Oaxaca. Es el resultado de una investigación realizada en el año 1972 por un estudiante de antropología, después de una estancia de varios meses inserto en la vida cotidiana de los copaltecos. T...

Descrición completa

Gardado en:
Detalles Bibliográficos
Autor Principal: García Alcaraz, Agustín (autor)
Outros autores: Seligson, Jack (fotógrafo) (fotógrafo)
Formato: Libro
Idioma:Lingua castelá
Publicado: México : Comisión del Río Balsas, 1973, c1973
Temas:
Etiquetas: Engadir etiqueta
Sen Etiquetas, Sexa o primeiro en etiquetar este rexistro!

MARC

LEADER 00000nam^a2200000^a^4500
001 000373033
005 20250521000000.0
009 20260310120028.47
025 |a Donación Ignacio González Luna, 1 ejemplar 
037 |a Acervo ITESO - Biblioteca 
041 |a ESP 
082 |a 306. 089976  |b GAR 
100 |a García Alcaraz, Agustín  |e (autor) 
245 1 0 |a Tinujei :  |b los triquis de Copala /  |c A. García Alcaraz ; fotografía de J. Seligson. 
264 4 |a México :  |b Comisión del Río Balsas,  |c 1973, c1973 
300 |a 514 p. ; [74] láminas ; [2] mapas 
336 |a texto  |b txt  |2 rdacontenido 
337 |a sin mediación  |b n  |2 rdamedio 
338 |a volumen  |b nc  |2 rdasoporte 
520 |a Estudio antropológico de la comunidad indígena triqui de San Juan Copala, en la región del Río Balsas, en Oaxaca. Es el resultado de una investigación realizada en el año 1972 por un estudiante de antropología, después de una estancia de varios meses inserto en la vida cotidiana de los copaltecos. Tiene como objetivo describir los mecanismos y relaciones sociales dentro del grupo y su relación con grupos vecinos, con el estado de Oaxaca, con el país y, en general, con la cultura occidental; abarca los aspectos económico, social, político e ideológico. Pretende también ser una colaboración a la comunidad misma, dando a conocer su cultura y su cosmovisión. 
561 |a Ex libris de Ignacio González Luna 
649 |a XX 
650 |a Triquis -  |z San Juan Copala, Oaxaca -  |x Tema Principal 
650 |a Triquis -  |x Condiciones Sociales y Culturales 
650 |a Triquis -  |x Condiciones Económicas 
650 |a Triquis -  |x Condiciones Políticas 
650 |a Indígenas de México -  |x Condiciones Sociales y Culturales 
650 |a Indígenas de México -  |x Condiciones Económicas 
650 |a Indígenas de México -  |x Condiciones Políticas 
650 |a Prácticas Culturales -  |z San Juan Copala, Oaxaca - 
650 |a Cosmovisión -  |z San Juan Copala, Oaxaca - 
650 |a Identidad Cultural -  |z San Juan Copala, Oaxaca -  |x Tema Principal 
650 |a Relaciones Interculturales 
650 |a Intercambio Cultural 
650 |a Cultura -  |x Difusión 
650 |a Sociología de la Cultura 
650 |a Antropología Cultural 
700 |a Seligson, Jack  |e (fotógrafo) 
910 |a Fondo Ignacio González Luna Morfín 
920 |a Impresos - Libros 
930 |a Fondos Especiales 
905 |a 136 
901 |a 0500267349  |b IT2  |c ESP  |i D74893  |u 20250521 
902 |a https://opac.biblio.iteso.mx/vufind/Record/000373033